El análisis del trabajo / (Record no. 108196)

MARC details
000 -LEADER
campo de control de longitud fija 00802nam a2200229 4500
001 - NÚMERO DE CONTROL
campo de control 108196
003 - IDENTIFICADOR DE NÚMERO DE CONTROL
campo de control ES-MaACL
005 - FECHA Y HORA DE LA ÚLTIMA TRANSACCIÓN
campo de control 20230906184611.0
007 - CAMPO FIJO DE DESCRIPCIÓN FÍSICA--INFORMACIÓN GENERAL
campo de control de longitud fija t|
008 - DATOS DE LONGITUD FIJA--INFORMACIÓN GENERAL
campo de control de longitud fija 061121s1960 sp r ||||1| spa d
100 1# - ENTRADA PRINCIPAL--NOMBRE DE PERSONA
Nombre de persona Montaretto, Silvio.
9 (RLIN) 82404
245 13 - MENCIÓN DEL TÍTULO
Título El análisis del trabajo /
Mención de responsabilidad, etc. por Silvio Montaretto y Riccardo Riccardi, traducción dirigida por Alberto Grau Dosaigues; [ traductor Mario Garriguetas Cañada].
260 ## - PUBLICACIÓN, DISTRIBUCIÓN, ETC.
Lugar de publicación, distribución, etc. Barcelona :
Nombre del editor, distribuidor, etc. Hispano Europea,
Fecha de publicación, distribución, etc. [1960]
300 ## - DESCRIPCIÓN FÍSICA
Extensión XVI, 213 p. ;
Dimensiones 24.
490 1# - MENCIÓN DE SERIE
Mención de serie Colección Galileo
700 1# - ENTRADA AGREGADA--NOMBRE PERSONAL
Nombre de persona Riccardi, Riccardo.
9 (RLIN) 96873
700 1# - ENTRADA AGREGADA--NOMBRE PERSONAL
Nombre de persona Grau Dosaiguës, Alberto.
9 (RLIN) 59751
700 1# - ENTRADA AGREGADA--NOMBRE PERSONAL
Nombre de persona Garriguetas Cañada, Mario.
9 (RLIN) 55776
830 0# - PUNTO DE ACCESO ADICIONAL DE SERIE-TÍTULO UNIFORME
Título uniforme Colección Galileo
9 (RLIN) 181173
852 ## - LOCALIZACIÓN
Ubicación ES-MaACL
Número de control de estantería C-18193
Sublocalización o colección R.46192
Holdings
Estatus retirado Estado de pérdida Estado de daño No para préstamo Biblioteca de origen Biblioteca actual Ubicación en estantería Fecha de adquisición Fuente de adquisición Total de préstamos Signatura topográfica completa Código de barras Visto por última vez Precio de reemplazo Tipo de ítem Koha
        Biblioteca del Ateneo de Madrid Biblioteca del Ateneo de Madrid Galería 17/01/2008     C-18193 1112902 23/02/2023 23/02/2023 Libro impreso